000 00599nam a2200241 a 4500
001 nice12345678
003 IN_TiNIC
005 20260116011254.0
008 050524s1922 cama grp 000 0 eng
020 _a
_c100
082 0 0 _a297.4
_bNIC3
100 _aNicholson, Reyhnold A
245 _aTranslations of Eastern Poetry and Prose
260 _aCambridge
_bCambridge University Press
_c1922
300 _a200p
500 _aincludes index and biblioraphy
505 2 _aIndex
650 _aSufism
700 1 _aNicholson, Reyhnold A
902 _bSRS
942 _cBK
999 _c54
_d54